01428nam a22002777a 45000010005000000030006000050050017000110080041000280200015000690400029000840500016001131000025001292450099001542600059002533000066003124900025003785050009004035200475004125210029008875210021009166500044009376500041009817000038010227000046010607000044011069731FISKH20260130142137.0260130b cb ||||| |||| 00| 0 eng d a1567845142 aFISKHbengcFISKHdFISKH aLB1182 .R36 aRangel-Ribeiro , Lea aWonderful world /cWritten by Lea and Victor Rangel-Ribeiro : Text illustrated by David Gantz  aNew York : bNewbridge Communications , Inc , c1984 . a66 unnumbered pages : bcolor illustrations ; c21 X 28 cm .  aEarly Skills Library aK  aWonderful World introduces young children to the world around them. The book helps early readers learn about nature, places, and everyday things in their environment through simple text and engaging illustrations. It encourages children to observe, identify, and understand the beauty and diversity of the world while building early reading and thinking skills. The book is designed to support vocabulary development, basic concepts, and curiosity about the environment.8 a510 bLexile estimate 8 aK bRaz-Plus  aAround the world vJuvenile Literature  aMulticultural vJuvenile Literature  aGantz , David eText Illustrator  aLaPenta , MarilyneEducational Consultant aGirouard , Patrick eCover Illustrator